<?xml version="1.0" encoding="UTF-8"?>
<record
    xmlns:xsi="http://www.w3.org/2001/XMLSchema-instance"
    xsi:schemaLocation="http://www.loc.gov/MARC21/slim http://www.loc.gov/standards/marcxml/schema/MARC21slim.xsd"
    xmlns="http://www.loc.gov/MARC21/slim">

  <leader>01801nam#a2200265   4500</leader>
  <controlfield tag="001">9786071520258</controlfield>
  <controlfield tag="003">VST</controlfield>
  <controlfield tag="005">20250425090631.0</controlfield>
  <controlfield tag="006">m     o  d        </controlfield>
  <controlfield tag="007">cr#un#---uucau</controlfield>
  <controlfield tag="008">230410s2023    MEX                     d</controlfield>
  <datafield tag="020" ind1=" " ind2=" ">
    <subfield code="a">9786071520258</subfield>
  </datafield>
  <datafield tag="040" ind1=" " ind2=" ">
    <subfield code="a">VST</subfield>
    <subfield code="c">VST</subfield>
    <subfield code="d">VST</subfield>
  </datafield>
  <datafield tag="100" ind1="1" ind2=" ">
    <subfield code="a">William F. Smith, Javad Hashemi</subfield>
    <subfield code="e">author</subfield>
  </datafield>
  <datafield tag="245" ind1="1" ind2="0">
    <subfield code="a">Fundamentos de la ciencia e ingenier&#xED;a de los materiales, 7th Edition</subfield>
  </datafield>
  <datafield tag="250" ind1=" " ind2=" ">
    <subfield code="a">seventh edition</subfield>
  </datafield>
  <datafield tag="260" ind1=" " ind2=" ">
    <subfield code="a">Mexico :</subfield>
  </datafield>
  <datafield tag="264" ind1=" " ind2="1">
    <subfield code="a">Mexico :</subfield>
    <subfield code="b">McGraw-Hill Interamericana,</subfield>
    <subfield code="c">2023</subfield>
  </datafield>
  <datafield tag="300" ind1=" " ind2=" ">
    <subfield code="a">1 online resource</subfield>
  </datafield>
  <datafield tag="336" ind1=" " ind2=" ">
    <subfield code="a">text</subfield>
    <subfield code="b">txt</subfield>
    <subfield code="2">rdacontent</subfield>
  </datafield>
  <datafield tag="337" ind1=" " ind2=" ">
    <subfield code="a">computer</subfield>
    <subfield code="b">c</subfield>
    <subfield code="2">rdamedia</subfield>
  </datafield>
  <datafield tag="520" ind1=" " ind2=" ">
    <subfield code="a">&#xBF;Con qu&#xE9; material se debe hacer un avi&#xF3;n supers&#xF3;nico para que resista las altas temperaturas a las que estar&#xE1; expuesto? &#xBF;Qu&#xE9; materiales tienen menos impacto ecol&#xF3;gico en el medio ambiente? &#xBF;Cu&#xE1;les nanomateriales inteligentes se han elaborado &#xFA;ltimamente para las industrias aeroespacial, m&#xE9;dica, tecnol&#xF3;gica, entre otras? A lo largo de la historia, el avance de la civilizaci&#xF3;n ha dependido de las mejoras de los materiales con los que se trabaja. La producci&#xF3;n y el procesamiento de los materiales, hasta convertirlos en productos terminados, constituyen una parte importante de la econom&#xED;a actual. Y es en los ingenieros en quienes recae el dise&#xF1;o de la mayor&#xED;a de los productos manufacturados y los sistemas de procesamiento necesarios para su producci&#xF3;n, por lo que es esencial que conozcan la estructura interna, las propiedades, el procesamiento y el desempe&#xF1;o de varias clases de materiales, de modo que puedan elegir los m&#xE1;s adecuados para cada aplicaci&#xF3;n y crear los mejores m&#xE9;todos para procesarlos.</subfield>
  </datafield>
  <datafield tag="856" ind1="4" ind2="0">
    <subfield code="u">https://resolver.vitalsource.com/9786071520258</subfield>
  </datafield>
  <datafield tag="942" ind1=" " ind2=" ">
    <subfield code="c">RAA</subfield>
  </datafield>
  <datafield tag="952" ind1=" " ind2=" ">
    <subfield code="0">0</subfield>
    <subfield code="1">0</subfield>
    <subfield code="4">0</subfield>
    <subfield code="7">0</subfield>
    <subfield code="8">MGH</subfield>
    <subfield code="a">BD-UIN</subfield>
    <subfield code="b">BD-UIN</subfield>
    <subfield code="d">2025-04-25</subfield>
    <subfield code="l">0</subfield>
    <subfield code="r">2025-04-25</subfield>
    <subfield code="w">2025-04-25</subfield>
    <subfield code="y">RAA</subfield>
  </datafield>
  <datafield tag="999" ind1=" " ind2=" ">
    <subfield code="c">229107</subfield>
    <subfield code="d">229107</subfield>
  </datafield>
</record>
